000 00926nam a2200265Ia 4500
003 OSt
005 20220923211153.0
006 a|||||r|||| 00| 0
007 ta
008 Pun
020 _a8187654325 (hbk)
_c390
024 _a319,691
037 _b775, 27/02/2017, H.K. Prakashan
_cTextual
040 _aARTS
_cARTS
_bPun
041 _2Pun
_aPun
082 _aO153:g, Q6
100 _aਰਵਿੰਦਰ ਸਿੰਘ, ਥਦ.
_9159113
245 0 _aਂਅਜੋਕਾ ਪੰਜਾਬੀ ਸਾਹਿਤ
_b ਸਰੋਕਾਰ ਅਤੇ ਸੰਦਰਭ
260 _aਦਿੱਲੀ
_b ਮਨਪ੍ਰੀਤ ਪ੍ਰਕਾFਨ
_c2016
300 _a132ਪ੍ਰ0
_ccm.
650 _a ਪੰਜਾਬੀ ਸਾਹਿਤ
650 _aਸ਼ਚਅਹ਼ਲਜ
_9159114
942 _hO153:g, Q6
_cTEXL
_2CC
999 _c296309
_d296309